| 000 | 00476nam a2200193Ia 4500 | ||
|---|---|---|---|
| 008 | 170918s9999 xx 000 0 und d | ||
| 020 | _a9780590494392 | ||
| 050 | _bA237 1992 | ||
| 100 | _aAdler, David A. | ||
| 245 | 2 | _aA picture book of Jesse Owens / | |
| 245 | _cillustrated by Robert Casilla. | ||
| 260 | _aNew York : | ||
| 260 | _bScholastic, | ||
| 260 | _c1992 | ||
| 300 | _aunpaged : | ||
| 300 | _bcolored illustration ; | ||
| 300 | _c20cm. | ||
| 500 | _a930 | ||
| 999 |
_c342938 _d342938 |
||